Financial markets and capital income taxation in a global economy / (Record no. 2086)
[ view plain ]
| 000 -LEADER | |
|---|---|
| fixed length control field | 01146nac a22002651u 4500 |
| 010 ## - LIBRARY OF CONGRESS CONTROL NUMBER | |
| LC control number | 97052664 |
| 020 ## - INTERNATIONAL STANDARD BOOK NUMBER | |
| International Standard Book Number | 0444822062 (alk. paper) |
| 082 00 - DEWEY DECIMAL CLASSIFICATION NUMBER | |
| Classification number | 332.042 |
| Item number | R5409 |
| 090 ## - LOCALLY ASSIGNED LC-TYPE CALL NUMBER (OCLC); LOCAL CALL NUMBER (OCLC) | |
| -- | 2086 |
| -- | 2086 |
| 100 ## - MAIN ENTRY--PERSONAL NAME | |
| Personal name | 20080729 |
| 245 00 - TITLE STATEMENT | |
| Title | Financial markets and capital income taxation in a global economy / |
| Statement of responsibility, etc | edited by Paolo Roberti. |
| 260 ## - PUBLICATION, DISTRIBUTION, ETC. (IMPRINT) | |
| Place of publication, distribution, etc | New York : |
| Name of publisher, distributor, etc | Elsevier,1998 |
| Date of publication, distribution, etc | 1998. |
| 300 ## - PHYSICAL DESCRIPTION | |
| Extent | xiv, 413 p. : |
| Other physical details | ill. ; |
| Dimensions | 23 cm. |
| 440 #0 - | |
| -- | Advances in finance, investment and banking ; |
| -- | vol. 4 |
| 504 ## - BIBLIOGRAPHY, ETC. NOTE | |
| Bibliography, etc | Includes bibliographical references. |
| 650 #0 - SUBJECT ADDED ENTRY--TOPICAL TERM | |
| Topical term or geographic name as entry element | International finance |
| General subdivision | Congresses. |
| 650 #0 - SUBJECT ADDED ENTRY--TOPICAL TERM | |
| Topical term or geographic name as entry element | Capital market |
| General subdivision | Congresses. |
| 650 #0 - SUBJECT ADDED ENTRY--TOPICAL TERM | |
| Topical term or geographic name as entry element | Capital levy |
| General subdivision | Congresses. |
| 650 #0 - SUBJECT ADDED ENTRY--TOPICAL TERM | |
| Topical term or geographic name as entry element | Income tax |
| General subdivision | Congresses. |
| 700 1# - ADDED ENTRY--PERSONAL NAME | |
| Personal name | Roberti, Paolo. |
| 856 42 - ELECTRONIC LOCATION AND ACCESS | |
| Materials specified | Publisher description |
| Uniform Resource Identifier | <a href="http://www.loc.gov/catdir/enhancements/fy0601/97052664-d.html">http://www.loc.gov/catdir/enhancements/fy0601/97052664-d.html</a> |
| 856 42 - ELECTRONIC LOCATION AND ACCESS | |
| Materials specified | Table of contents only |
| Uniform Resource Identifier | <a href="http://www.loc.gov/catdir/enhancements/fy0601/97052664-t.html">http://www.loc.gov/catdir/enhancements/fy0601/97052664-t.html</a> |
| 942 ## - ADDED ENTRY ELEMENTS (KOHA) | |
| Item type | Book - Borrowing |
| Call number prefix | 332.042R5409 |
| Withdrawn status | Item status | Damaged status | Not for loan | Home library | Current library | Shelving location | Date acquired | Source of acquisition | Total Checkouts | Full call number | Barcode | Date last seen | Cost, replacement price | Koha item type |
|---|---|---|---|---|---|---|---|---|---|---|---|---|---|---|
| Central Library | Central Library | First floor | 11/02/2007 | Purchase | 332.042 FIN | 000002262 | 15/07/2025 | 519.80 | Book - Borrowing |